[Event "Cantabria-ch"]
[Site "Cantabria"]
[Date "2009.05.09"]
[Round "7"]
[White "Rivas Bermudes, Pedro"]
[Black "Calvo Ruiz, Sergio"]
[Result "1-0"]
[WhiteElo "1689"]
[BlackElo "1554"]
[PlyCount "37"]
[EventDate "2009.03.14"]
[EventType "swiss"]
[EventRounds "7"]
[EventCountry "ESP"]
[SourceTitle "EXT 2024"]
[Source "ChessBase"]
[SourceDate "2023.10.10"]
[SourceVersion "1"]
[SourceVersionDate "2023.10.10"]
[SourceQuality "1"]

1. e4 e6 2. d3 d5 3. Nd2 c5 4. g3 Nc6 5. Bg2 Bd6 6. exd5 exd5 7. Bxd5 Nf6 8. Bg2 0-0 9. Ne2 Re8 10. 0-0 Bg4 11. Nf3 Nd5 12. Bd2 Qf6 13. Nc3 Nb6 14. h3 Bh5 15. Ne4 Rxe4 16. dxe4 Nc4 17. g4 Nd4 18. Nxd4 Qxd4 19. Bc3 1-0

[Event "Cantabria-ch"]
[Site "Cantabria"]
[Date "2009.04.25"]
[Round "6"]
[White "Iglesias Gascon, David"]
[Black "Rivas Bermudes, Pedro"]
[Result "1-0"]
[WhiteElo "1927"]
[BlackElo "1689"]
[PlyCount "99"]
[EventDate "2009.03.14"]
[EventType "swiss"]
[EventRounds "7"]
[EventCountry "ESP"]
[SourceTitle "EXT 2024"]
[Source "ChessBase"]
[SourceDate "2023.10.10"]
[SourceVersion "1"]
[SourceVersionDate "2023.10.10"]
[SourceQuality "1"]

1. e4 d6 2. d4 Nf6 3. Nc3 c6 4. Bf4 Qa5 5. Bd3 e5 6. dxe5 dxe5 7. Bg5 Be7 8. Nf3 Bg4 9. h3 Bh5 10. g4 Bg6 11. Bxf6 Bxf6 12. Qd2 Nd7 13. 0-0-0 0-0-0 14. Qe3 h5 15. Nd2 hxg4 16. Nc4 Qc5 17. hxg4 Qxe3+ 18. Nxe3 Nc5 19. Rxh8 Rxh8 20. Nf5 Kc7 21. Bc4 Rh2 22. f3 Rf2 23. Rf1 Rxf1+ 24. Bxf1 Bxf5 25. exf5 Be7 26. Bc4 f6 27. b4 Nd7 28. a3 Nb6 29. Be6 Kd6 30. Ne4+ Kc7 31. Kd2 Nd5 32. Bxd5 cxd5 33. Ng3 a5 34. c3 axb4 35. axb4 b5 36. Nh5 Bf8 37. Kd3 Kc6 38. f4 Kd6 39. Ke3 Kc6 40. fxe5 fxe5 41. g5 Kd6 42. Kd3 Kc6 43. g6 Kd6 44. f6 gxf6 45. Nxf6 Ke6 46. Nh5 Be7 47. Ng7+ Kd7 48. Nf5 Ke6 49. g7 e4+ 50. Ke2 1-0